[Event "Hull-ch"]
[Site "Gatineau"]
[Date "2004.02.24"]
[Round "3"]
[White "Roy, Roger"]
[Black "Papineau, Andre"]
[Result "1/2-1/2"]
[WhiteElo "1710"]
[BlackElo "1724"]
[PlyCount "94"]
[EventDate "2004.02.??"]
[EventType "swiss"]
[EventRounds "5"]
[EventCountry "CAN"]
[SourceTitle "EXT 2005"]
[Source "ChessBase"]
[SourceDate "2004.11.15"]
[SourceVersion "1"]
[SourceVersionDate "2004.11.15"]
[SourceQuality "1"]

1. d4 Nf6 2. c4 c5 3. d5 b5 4. cxb5 a6 5. f3 axb5 6. e4 d6 7. Bxb5+ Bd7 8. Bxd7+ Nbxd7 9. Bd2 g6 10. Na3 Bg7 11. Nc4 Nb6 12. Ba5 Nfd7 13. Qb3 Rb8 14. Ne2 0-0 15. 0-0 Qc7 16. Qc2 Qa7 17. Nxb6 Nxb6 18. Bc3 f6 19. a4 Nc4 20. Qc1 Ne5 21. Rd1 f5 22. exf5 Rxf5 23. Kh1 Qa6 24. Ng3 Rff8 25. Qe3 Qc4 26. Ra3 Qf4 27. Qxf4 Rxf4 28. Ne2 Rf7 29. b3 Rb7 30. h3 Rf8 31. f4 Nd7 32. Bxg7 Kxg7 33. g3 Rfb8 34. Rd3 Rb4 35. Re3 Kf7 36. Kg2 c4 37. bxc4 Rxc4 38. Rec3 Rcb4 39. a5 Ra8 40. Rc7 Nf6 41. Nc3 Ke8 42. a6 Kd8 43. Rb7 Rxb7 44. axb7 Rb8 45. Rb3 Kc7 46. Nb5+ Kd7 47. Nc3 Kc7 1/2-1/2

[Event "Gatineau Outaouais"]
[Site "Gatineau"]
[Date "2003.05.16"]
[Round "5"]
[White "Papineau, Andre"]
[Black "Lacourse, Guy"]
[Result "1/2-1/2"]
[WhiteElo "1791"]
[BlackElo "1631"]
[PlyCount "112"]
[EventDate "2003.04.??"]
[EventType "swiss"]
[EventRounds "6"]
[EventCountry "CAN"]
[SourceTitle "EXT 2006"]
[Source "ChessBase"]
[SourceDate "2005.11.24"]
[SourceVersion "1"]
[SourceVersionDate "2005.11.24"]
[SourceQuality "1"]

1. d4 Nf6 2. Nf3 b6 3. g3 e6 4. Bg2 Bb7 5. 0-0 Be7 6. c4 0-0 7. Nc3 d5 8. cxd5 exd5 9. Bg5 h6 10. Bxf6 Bxf6 11. Rc1 Nd7 12. Re1 c6 13. e4 dxe4 14. Nxe4 Be7 15. Ne5 Nxe5 16. dxe5 Bb4 17. Qxd8 Raxd8 18. Red1 Ba6 19. a3 Be7 20. Nc3 Rxd1+ 21. Rxd1 Rd8 22. Rxd8+ Bxd8 23. Bxc6 Bc7 24. f4 Kf8 25. Kf2 Bc8 26. Ke3 a5 27. Kd4 Be6 28. Nb5 Bb8 29. h4 Ke7 30. Ke4 Bd7 31. Bxd7 Kxd7 32. Kd5 h5 33. Nd4 g6 34. Nf3 Bc7 35. Ng5 Ke8 36. Kc6 Bd8 37. Ne4 Ke7 38. Nf6 Ke6 39. Ne4 Ke7 40. Ng5 f6 41. exf6+ Kxf6 42. Kd7 Be7 43. Ne4+ Kf7 44. Kc7 b5 45. Kc6 b4 46. axb4 Bxb4 47. Kd5 a4 48. Kc4 a3 49. bxa3 Bxa3 50. Kd3 Ke6 51. Ke3 Kf5 52. Kf3 Be7 53. Nc3 Bd6 54. Nd5 Bc5 55. Nc3 Bb4 56. Nd5 Bc5 1/2-1/2

[Event "Outaouais-ch"]
[Site "Gatineau"]
[Date "1996.03.01"]
[Round "1"]
[White "Papineau, Andre"]
[Black "Roy, Roger"]
[Result "0-1"]
[WhiteElo "1703"]
[BlackElo "1714"]
[PlyCount "44"]
[EventDate "1996.03.01"]
[EventType "tourn"]
[EventRounds "9"]
[EventCountry "CAN"]
[SourceTitle "EXT 2022"]
[Source "ChessBase"]
[SourceDate "2021.10.06"]
[SourceVersion "1"]
[SourceVersionDate "2021.10.06"]
[SourceQuality "1"]

1. d4 g6 2. g3 Bg7 3. Bg2 d5 4. Nf3 c6 5. 0-0 Nf6 6. c4 0-0 7. e3 Bg4 8. Nbd2 Qc8 9. cxd5 cxd5 10. Qb3 Nc6 11. Ne5 Bh3 12. Bxh3 Qxh3 13. Ndf3 Rab8 14. Bd2 Nxe5 15. Nxe5 Ne4 16. Nf3 Qg4 17. Kg2 Qxf3+ 18. Kxf3 Nxd2+ 19. Ke2 Nxb3 20. axb3 a6 21. Rfc1 Rfc8 22. Rc3 Rxc3 0-1

[Event "Masson Coupe Defi"]
[Site "Masson"]
[Date "1993.09.19"]
[Round "4"]
[White "Papineau, Andre"]
[Black "Jobin, Gilles G"]
[Result "0-1"]
[WhiteElo "1599"]
[BlackElo "1839"]
[PlyCount "46"]
[EventDate "1993.09.18"]
[EventType "swiss"]
[EventRounds "4"]
[EventCountry "CAN"]
[SourceTitle "EXT 2022"]
[Source "ChessBase"]
[SourceDate "2021.10.06"]
[SourceVersion "1"]
[SourceVersionDate "2021.10.06"]
[SourceQuality "1"]

1. c4 Nf6 2. Nc3 g6 3. g3 Bg7 4. Bg2 0-0 5. d4 c6 6. e4 d6 7. Nge2 e5 8. d5 c5 9. 0-0 Nbd7 10. Bd2 Ne8 11. Qc1 Nb6 12. b3 f5 13. exf5 Bxf5 14. Bh6 Rf7 15. Bxg7 Nxg7 16. f4 Re7 17. fxe5 Rxe5 18. Qd2 Qd7 19. Rae1 Rae8 20. Nf4 Qe7 21. Rxe5 Qxe5 22. Kf2 g5 23. Nd3 Qd4+ 0-1